[Event "Tata Steel Challengers"]
[Site "Wijk aan Zee NED"]
[Date "2025.01.31"]
[Round "11.5"]
[White "Oro, Faustino"]
[Black "Yakubboev, Nodirbek"]
[Result "0-1"]
[WhiteTitle "IM"]
[BlackTitle "GM"]
[WhiteElo "2447"]
[BlackElo "2659"]
[WhiteFideId "20000197"]
[BlackFideId "14203987"]
[EventDate "2025.01.18"]

1. d4 Nf6 2. c4 e6 3. Nc3 Bb4 4. e3 O-O 5. Bd2 d5 6. Nf3 Nbd7 7. Rc1 c6 8. Be2
Qe7 9. O-O dxc4 10. Bxc4 e5 11. Qc2 Bxc3 12. bxc3 e4 13. Ne1 b5 14. Be2 Nb6 15.
a4 Bg4 16. f3 Bf5 17. Qd1 Nxa4 18. c4 a6 19. Qb3 Qd7 20. Nc2 Nb6 21. cxb5 cxb5
22. d5 Nbxd5 23. Nd4 exf3 24. gxf3 Nf4 25. Rfd1 Be6 26. Qb2 Nxe2+ 27. Nxe2 Qd5
28. e4 Qb3 29. Bc3 Qxb2 30. Bxb2 Rfc8 31. Nd4 Rxc1 32. Rxc1 Bc4 33. Nf5 Nh5 34.
Ra1 a5 35. Ne7+ Kf8 36. Nc6 a4 37. Kf2 Rc8 38. Nb4 Rd8 39. Ke3 f6 40. f4 g6 41.
Rg1 Kf7 42. h4 Ng7 43. Bc3 Ne6 44. h5 g5 45. fxg5 fxg5 46. Be5 a3 47. Ra1 a2 0-1

[Event "Tata Steel Challengers"]
[Site "Wijk aan Zee NED"]
[Date "2025.01.31"]
[Round "11.6"]
[White "Vaishali, Rameshbabu"]
[Black "Suleymanli, Aydin"]
[Result "0-1"]
[WhiteTitle "GM"]
[BlackTitle "GM"]
[WhiteElo "2476"]
[BlackElo "2623"]
[WhiteFideId "5091756"]
[BlackFideId "13413937"]
[EventDate "2025.01.18"]

1. e4 c5 2. Nf3 Nc6 3. Nc3 g6 4. d4 cxd4 5. Nxd4 Bg7 6. Be3 Nf6 7. Be2 d6 8. O-O
O-O 9. Nb3 b6 10. f4 Bb7 11. Bf3 Nd7 12. Qd2 Nc5 13. Rad1 Rc8 14. Qf2 Qe8 15. h4
Nd8 16. Nxc5 bxc5 17. h5 f5 18. hxg6 hxg6 19. g4 Ne6 20. exf5 Bxf3 21. Qxf3 gxf5
22. Qd5 Qf7 23. g5 Nd4 24. Qg2 e6 25. Rd2 Qh5 26. b3 Qg4 27. Ne2 e5 28. Qxg4
fxg4 29. Bxd4 cxd4 30. f5 Kf7 31. Ng3 Rh8 32. Re2 d5 33. f6 Bf8 34. Nf5 e4 35.
Nxd4 Bc5 36. c3 Bb6 37. Rf5 Rhd8 38. Rh2 Rxc3 39. Rh7+ Kg8 40. Rg7+ Kh8 41. Kg2
Bxd4 42. g6 Rh3 43. Rc7 Bxf6 44. Rxf6 d4 45. Rcf7 Kg8 46. Rf4 d3 47. Rxg4 d2 48.
Rf1 Re3 0-1